|
|
|
|
| LEADER |
00000nab a2200000 a 4500 |
| 001 |
vtls000332273 |
| 003 |
SK-MaSNL |
| 005 |
20260303190619.0 |
| 008 |
230120c1988 xo 0 slo |
| 015 |
|
|
|a SNBRB19rr/mm-uuuuu
|
| 035 |
|
|
|a CL0332395
|
| 035 |
|
|
|a urn:nbn:sk:snk-ab1loz
|
| 035 |
|
|
|a (urnnbn)urn:nbn:sk:snk:ar-004hhi
|
| 035 |
|
|
|a (uuid)7c2f8568-6226-450b-a4cb-7845da17c4d9
|
| 040 |
|
|
|a SNKBUCL
|b slo
|c SNKBUCL
|e AACR2
|
| 041 |
0 |
|
|a slo
|
| 044 |
|
|
|a xo
|c SK
|
| 080 |
|
|
|a 808.54-3
|2 1981
|
| 100 |
1 |
|
|a Horecký, Ján,
|d 1920-2006
|4 aut
|9 105131
|
| 245 |
1 |
0 |
|a Tematizácia - tematizovať
|c Ján Horecký
|
| 650 |
0 |
7 |
|a slovenčina
|2 snkbucl
|9 1350
|
| 650 |
0 |
7 |
|a lexikológia
|2 snkbucl
|9 866
|
| 655 |
|
7 |
|a články z novín a časopisov
|2 snkbucl
|9 267496
|
| 773 |
0 |
|
|t Kultúra slova
|g Roč. 22, č. 4 (1988), s. 128
|
| 850 |
|
|
|a Slovenská národná knižnica v Martine
|a MTA001
|
| 852 |
|
|
|a SNK
|b KIS3GCP
|
| 954 |
|
|
|a odborná, vedecká literatúra pôvodná (slovenská)
|2 lita
|
| 958 |
|
|
|a OND
|
| 958 |
|
|
|a RK
|
| 958 |
|
|
|a EUIPO
|
| 958 |
|
|
|a article27
|
| 992 |
|
|
|a RBX
|
| 999 |
|
|
|c 2137213
|d 2139143
|